The New origami

Bibliographic Details
Main Author: Biddle, Steve
Other Authors: Biddle, Migumi
Format: Book
Published: United kingdom : Ebury Press , 1993
Subjects:

MARC

LEADER 00000cam a2200000 7i4500
001 0000003065
002 000003318
005 20000330.0
020 |a 0091776678 
090 0 0 |a 736.982   |b BID 
100 1 |a Biddle, Steve 
245 1 4 |a The New origami   |c Steve Biddle ; illustration b y Megumi Biddle 
260 |a United kingdom :   |b Ebury Press ,   |c 1993 
300 |a 191p :   |b 24cm 
650 0 0 |a Origami 
700 1 |a Biddle, Migumi 
999 |a 035660   |b BUKU   |c PINJAMAN   |e PERPUSTAKAAN KOMUNITI PETALING JAYA